000 00673nam a2200277Ia 4500
005 20260324124111.0
008 008 260324s9999 xx 000 0 eng d
020 _a9780429092251
037 _aEBOOK
040 _aCRL
040 _beng
040 _cCRL
041 _2eng
041 _aeng
084 _qCRL
100 _aNicolas Willet; Anne-Sophie Duwez
_91172844
245 0 _aMolecular Manipulation with Atomic Force Microscopy
260 _bTaylor and Francis
260 _c2011
365 _a
365 _b340
856 _uhttp://www.taylorfrancis.com/books/9780429092251
942 _cEBOOK
999 _c1766957
_d1766957